| 000 | 00370nam a2200133Ia 4500 | ||
|---|---|---|---|
| 008 | 231129s9999||||xx |||||||||||||| ||spa|| | ||
| 020 | _a0-07-091524-5 | ||
| 040 | _bspa | ||
| 082 | _a 512 A512a | ||
| 100 | _aAyres Frank | ||
| 245 | 0 | _aAdvanced Algebra through data explorations | |
| 264 | _aKey Curriculum press | ||
| 942 |
_2ddc _cBKS |
||
| 999 |
_c4599 _d4599 |
||